[Event "European Blitz-ch 2018"]
[Site "Skopje"]
[Date "2018.12.07"]
[Round "22"]
[White "Tejedor Fuente, Enrique"]
[Black "Ruck, Robert"]
[Result "1-0"]
[WhiteElo "2428"]
[BlackElo "2512"]
[Annotator "TA"]
[PlyCount "58"]
[EventDate "2018.12.06"]
[EventType "swiss"]
[EventCountry "MKD"]

1. e4 Nf6 2. e5 Nd5 3. d4 d6 4. exd6 exd6 5. c4 Nb6 6. Nc3 Be7 7. Bd3 Bf6 8. Nge2 O-O 9. O-O Nc6 10. b3 Re8 11. Be3 Bg4 12. Qd2 Bh5 13. Nf4 Bg6 14. Bxg6 hxg6 15. Nfd5 Nxd5 16. Nxd5 Qd7 17. Nxf6+ gxf6 18. d5 Ne5 19. f4 Ng4 20. Bd4 f5 21. h3 Nh6 22. Bf6 Re4 23. Qf2 Qe8 24. Rae1 Qf8 25. Rxe4 fxe4 26. g4 Re8 27. Re1 a5 28. Qh4 e3 29. g5 e2 1-0

[Event "European Blitz-ch 2018"]
[Site "Skopje"]
[Date "2018.12.07"]
[Round "22"]
[White "Saraci, Nderim"]
[Black "Gokerkan, Cem Kaan"]
[Result "0-1"]
[WhiteElo "2382"]
[BlackElo "2420"]
[Annotator "TA"]
[PlyCount "84"]
[EventDate "2018.12.06"]
[EventType "swiss"]
[EventCountry "MKD"]

1. Nf3 Nf6 2. g3 d5 3. Bg2 e6 4. O-O Be7 5. c4 O-O 6. b3 d4 7. e3 c5 8. exd4 cxd4 9. Re1 Nc6 10. d3 Re8 11. Nbd2 Bb4 12. Bb2 a5 13. a3 Bc5 14. h3 e5 15. Ng5 h6 16. Nge4 Nxe4 17. Nxe4 Bf8 18. g4 Ne7 19. b4 Ng6 20. c5 Nf4 21. Ng3 Bd7 22. Rb1 axb4 23. axb4 Qh4 24. Ra1 Rxa1 25. Bxa1 Nxh3+ 26. Bxh3 Qxh3 27. Qf3 Bc6 28. Re4 Ra8 29. Bb2 Ra2 30. Qe2 Bxe4 31. Nxe4 Ra4 32. b5 Qh4 33. c6 bxc6 34. bxc6 Qd8 35. Nd2 Qc8 36. Qxe5 Qxc6 37. Bxd4 Qg6 38. Nc4 Qxg4+ 39. Kh2 Ra2 40. Be3 Qg6 41. Qe8 Ra1 42. Bc5 Qh5+ 0-1

[Event "European Blitz-ch 2018"]
[Site "Skopje"]
[Date "2018.12.07"]
[Round "22"]
[White "Arsovic, Goran"]
[Black "Saric, Ante"]
[Result "0-1"]
[WhiteElo "2380"]
[BlackElo "2533"]
[Annotator "TA"]
[PlyCount "69"]
[EventDate "2018.12.06"]
[EventType "swiss"]
[EventCountry "MKD"]

1. Nf3 c5 2. c4 Nc6 3. Nc3 g6 4. g3 Bg7 5. Bg2 b6 6. O-O Bb7 7. d3 d6 8. Bd2 Nh6 9. a3 Nf5 10. Rb1 Qd7 11. b4 O-O 12. e3 Rac8 13. Ne4 Rfd8 14. Bc3 cxb4 15. Bxg7 Nxg7 16. axb4 Ne5 17. Ne1 d5 18. cxd5 Bxd5 19. d4 Bc4 20. Nc2 Bxf1 21. Bxf1 Nc4 22. Ne1 Nd6 23. Nd2 e5 24. d5 e4 25. Nc2 f5 26. Nd4 Nf7 27. Qb3 Qxd5 28. Bc4 Qd7 29. Ne6 Nxe6 30. Bxe6 Qxd2 31. Bxf7+ Kg7 32. Be6 Rc1+ 33. Rxc1 Qxc1+ 34. Kg2 Kh6 35. Qa3 0-1

[Event "European Blitz-ch 2018"]
[Site "Skopje"]
[Date "2018.12.07"]
[Round "22"]
[White "Petkidis, Anthony"]
[Black "Beerdsen, Thomas"]
[Result "0-1"]
[WhiteElo "2375"]
[BlackElo "2477"]
[Annotator "TA"]
[PlyCount "72"]
[EventDate "2018.12.06"]
[EventType "swiss"]
[EventCountry "MKD"]

1. e4 e5 2. Nf3 Nc6 3. Bb5 f5 4. Nc3 fxe4 5. Nxe4 d5 6. Nxe5 dxe4 7. Nxc6 Qd5 8. c4 Qd6 9. Nxa7+ c6 10. Nxc8 Rxc8 11. Ba4 Nf6 12. O-O Be7 13. Bc2 O-O 14. d3 exd3 15. Qxd3 Qe5 16. Qe3 Qc7 17. h3 Bd6 18. Bd2 Rce8 19. Qd3 Rd8 20. Qf3 Bh2+ 21. Kh1 Rxd2 22. c5 Be5 23. Rab1 Kh8 24. Rfc1 Bd4 25. Rf1 Rxc2 26. Qd3 Rxc5 27. Qxd4 Rd5 28. Qb4 Rfd8 29. Rbc1 h6 30. Rfe1 Rd2 31. Re7 Rd1+ 32. Re1 Rxc1 33. Rxc1 Nd5 34. Qe4 Qf4 35. Qe1 Nb4 36. Rc3 Nd3 0-1

[Event "European Blitz-ch 2018"]
[Site "Skopje"]
[Date "2018.12.07"]
[Round "22"]
[White "Timmermans, Mark"]
[Black "Jirovsky, Milos"]
[Result "1/2-1/2"]
[WhiteElo "2375"]
[BlackElo "2448"]
[Annotator "TA"]
[PlyCount "101"]
[EventDate "2018.12.06"]
[EventType "swiss"]
[EventCountry "MKD"]

1. b4 Nf6 2. Bb2 g6 3. c4 Bg7 4. a4 O-O 5. b5 d6 6. e3 e5 7. Nf3 Nbd7 8. Be2 Re8 9. O-O a6 10. Nc3 Nc5 11. d4 exd4 12. Nxd4 h5 13. Ba3 Bg4 14. Rc1 Bxe2 15. Qxe2 axb5 16. cxb5 Nfd7 17. Qc2 Qg5 18. Bb4 b6 19. Rfd1 Nf6 20. Nf3 Qg4 21. Rd4 Qc8 22. h3 Ra7 23. Rdd1 Qa8 24. Ra1 Nfe4 25. Nd4 Nxc3 26. Bxc3 Rxa4 27. Nc6 Bxc3 28. Qxc3 Ree4 29. Qf6 Qe8 30. Rab1 Re6 31. Qb2 Qf8 32. Ra1 Qg7 33. Nd4 Re8 34. Rxa4 Nxa4 35. Qc2 Nc5 36. Ra1 Ne6 37. Ra4 Nxd4 38. Rxd4 Re7 39. Rc4 f5 40. Rc6 Kh7 41. Qc4 Qf7 42. Qc3 f4 43. exf4 h4 44. Qc4 Qg7 45. f5 Re1+ 46. Kh2 Qe5+ 47. f4 Qe3 48. Rxc7+ Kh6 49. Rh7+ Kxh7 50. Qf7+ Kh8 51. Qf8+ 1/2-1/2